Clinical Dentistry: (Record no. 5446)
[ view plain ]
| 000 -LEADER | |
|---|---|
| fixed length control field | 00583nam a22002177a 4500 |
| 003 - CONTROL NUMBER IDENTIFIER | |
| control field | OSt |
| 005 - DATE AND TIME OF LATEST TRANSACTION | |
| control field | 20170111143306.0 |
| 008 - FIXED-LENGTH DATA ELEMENTS--GENERAL INFORMATION | |
| fixed length control field | 170111b xxu||||| |||| 00| 0 eng d |
| 020 ## - INTERNATIONAL STANDARD BOOK NUMBER | |
| International Standard Book Number | 0443102120 |
| 020 ## - INTERNATIONAL STANDARD BOOK NUMBER | |
| International Standard Book Number | 9780443102127 |
| 040 ## - CATALOGING SOURCE | |
| Transcribing agency | DNLM |
| 082 ## - DEWEY DECIMAL CLASSIFICATION NUMBER | |
| Classification number | WU100C61c 2007 |
| 100 ## - MAIN ENTRY--PERSONAL NAME | |
| Personal name | Chestnutt,G.Ivor;Gibson,John; |
| 9 (RLIN) | 11381 |
| 245 ## - TITLE STATEMENT | |
| Title | Clinical Dentistry: |
| 250 ## - EDITION STATEMENT | |
| Edition statement | 3rd ed. |
| 260 ## - PUBLICATION, DISTRIBUTION, ETC. (IMPRINT) | |
| Place of publication, distribution, etc. | philadelphia; |
| Name of publisher, distributor, etc. | Churchill LIvingstone, |
| Date of publication, distribution, etc. | 2007. |
| 300 ## - PHYSICAL DESCRIPTION | |
| Extent | 591p; |
| Other physical details | col,ill: |
| Dimensions | 18cm. |
| 504 ## - BIBLIOGRAPHY, ETC. NOTE | |
| Bibliography, etc | it includes appendices and index. |
| 650 ## - SUBJECT ADDED ENTRY--TOPICAL TERM | |
| Topical term or geographic name as entry element | Dentistry. |
| 9 (RLIN) | 3762 |
| 942 ## - ADDED ENTRY ELEMENTS (KOHA) | |
| Source of classification or shelving scheme | Other/Generic Classification Scheme |
| Koha item type | Open Shelf |
| Withdrawn status | Lost status | Source of classification or shelving scheme | Damaged status | Not for loan | Home library | Current library | Date acquired | Source of acquisition | Inventory number | Total Checkouts | Full call number | Barcode | Date last seen | Price effective from | Koha item type |
|---|---|---|---|---|---|---|---|---|---|---|---|---|---|---|---|
| Other/Generic Classification Scheme | MUST Main Library | MUST Main Library | 11/01/2017 | 08/30639 | WU100C61c 2007 | 2017-0006 | 11/01/2017 | 11/01/2017 | Open Shelf | ||||||
| Other/Generic Classification Scheme | MUST Main Library | MUST Main Library | 11/01/2017 | 08/30638 | WU100C61c 2007 | 2017-0007 | 11/01/2017 | 11/01/2017 | Open Shelf | ||||||
| Other/Generic Classification Scheme | MUST Main Library | MUST Main Library | 11/01/2017 | 08/30640 | WU100C61c 2007 | 2017-0008 | 11/01/2017 | 11/01/2017 | Open Shelf | ||||||
| Other/Generic Classification Scheme | MUST Main Library | MUST Main Library | 11/01/2017 | 08/30641 | WU100C61c 2007 | 2017-0009 | 11/01/2017 | 11/01/2017 | Open Shelf |
